[Event "Mittelfrank Regionalliga Nord-West 2223"]
[Site "Mittelfranken"]
[Date "2023.02.05"]
[Round "6.3"]
[White "Schwarzmann, Tobias"]
[Black "Kirschneck, Toralf"]
[Result "1-0"]
[WhiteElo "1960"]
[BlackElo "2121"]
[PlyCount "117"]
[EventDate "2022.10.09"]
[EventType "team-tourn"]
[EventRounds "9"]
[EventCountry "GER"]
[SourceTitle "EXT 2024"]
[Source "ChessBase"]
[SourceDate "2023.10.10"]
[SourceVersion "1"]
[SourceVersionDate "2023.10.10"]
[SourceQuality "1"]
[WhiteTeam "Hoechstadt/Aisch"]
[BlackTeam "Marktleuthen"]
[WhiteTeamCountry "GER"]
[BlackTeamCountry "GER"]

1. c4 e6 2. Nf3 d5 3. e3 Nf6 4. b3 Be7 5. Bb2 0-0 6. Be2 b6 7. 0-0 Bb7 8. Na3 c5 9. Rc1 Nc6 10. Nc2 Rc8 11. cxd5 Qxd5 12. Bc4 Qe4 13. d4 Rfd8 14. Qe2 cxd4 15. Ncxd4 Ne5 16. Nxe6 Nxf3+ 17. Qxf3 Qxf3 18. gxf3 fxe6 19. Bxe6+ Kf8 20. Bxc8 Bxc8 21. Kg2 Nd5 22. Be5 Nb4 23. Rc7 Ba6 24. Rg1 Rd2 25. Bxg7+ Kf7 26. Bc3 Rc2 27. Rxe7+ Kxe7 28. Bxb4+ Ke6 29. a3 Be2 30. h3 a5 31. Bf8 Rc8 32. Bh6 Rc3 33. Rb1 Rc8 34. Bf4 Rg8+ 35. Bg3 Rf8 36. f4 Rc8 37. Rb2 Bd3 38. f3 h5 39. h4 Rc3 40. Be1 Rc1 41. Kf2 Ra1 42. a4 Rc1 43. e4 Ba6 44. b4 axb4 45. Rxb4 Rc6 46. Bc3 Kd6 47. Bd4 Kc7 48. f5 Bc8 49. Ke3 Bd7 50. Kf4 Be8 51. e5 Bd7 52. e6 Be8 53. Be5+ Kd8 54. Kg5 Rc5 55. Bd4 Rc2 56. Kf6 Ra2 57. Rc4 Bd7 58. Bxb6+ Ke8 59. exd7+ 1-0

[Event "Mittelfrank Regionalliga Nord-West 2122"]
[Site "Mittelfranken"]
[Date "2022.03.13"]
[Round "6.1"]
[White "Kunz, Konstantin"]
[Black "Kirschneck, Toralf"]
[Result "1-0"]
[WhiteElo "2087"]
[BlackElo "2104"]
[PlyCount "91"]
[EventDate "2021.10.24"]
[EventType "team-tourn"]
[EventRounds "9"]
[EventCountry "GER"]
[SourceTitle "EXT 2024"]
[Source "ChessBase"]
[SourceDate "2023.10.10"]
[SourceVersion "1"]
[SourceVersionDate "2023.10.10"]
[SourceQuality "1"]
[WhiteTeam "Kitzingen"]
[BlackTeam "Marktleuthen"]
[WhiteTeamCountry "GER"]
[BlackTeamCountry "GER"]

1. d4 d5 2. Bf4 Nf6 3. e3 Bg4 4. Nf3 e6 5. c4 Bb4+ 6. Nc3 0-0 7. Qb3 Bxc3+ 8. bxc3 b6 9. Ne5 h6 10. Nxg4 Nxg4 11. cxd5 exd5 12. c4 c5 13. Rd1 Nc6 14. cxd5 Na5 15. Qa3 c4 16. d6 Qd7 17. Be2 Rac8 18. f3 Nf6 19. e4 c3 20. Qb4 Qb7 21. 0-0 Rfe8 22. Bd3 g5 23. Be5 Nc6 24. Qa4 Nxe5 25. dxe5 Rxe5 26. Ba6 Qc6 27. Qd4 c2 28. Bxc8 cxd1Q 29. Rxd1 Rc5 30. d7 Nxd7 31. Bxd7 Qc7 32. Ba4 Qf4 33. Bb3 g4 34. g3 Qc7 35. Qd8+ Kg7 36. Qxc7 Rxc7 37. fxg4 Kf6 38. Rf1+ Ke5 39. Bd5 b5 40. Rxf7 Rc1+ 41. Kg2 a5 42. Ra7 a4 43. h4 Kd4 44. g5 hxg5 45. hxg5 Ke3 46. g6 1-0

[Event "Regionalliga Nord-West 1819"]
[Site "Bayern"]
[Date "2019.03.24"]
[Round "8.3"]
[White "Kirschneck, Toralf"]
[Black "Stauch, Edgar"]
[Result "0-1"]
[WhiteElo "2042"]
[BlackElo "2051"]
[PlyCount "200"]
[EventDate "2018.10.21"]
[EventType "team-tourn"]
[EventRounds "9"]
[EventCountry "GER"]
[SourceTitle "EXT 2022"]
[Source "ChessBase"]
[SourceDate "2021.10.06"]
[SourceVersion "1"]
[SourceVersionDate "2021.10.06"]
[SourceQuality "1"]
[WhiteTeam "Marktleuthen"]
[BlackTeam "Kronach"]
[WhiteTeamCountry "GER"]
[BlackTeamCountry "GER"]

1. d4 d5 2. c4 c6 3. cxd5 cxd5 4. Nc3 Nc6 5. Nf3 Nf6 6. e3 e6 7. Bd2 Bd6 8. Nb5 Bb8 9. Rc1 0-0 10. Bd3 a6 11. Nc3 e5 12. dxe5 Bxe5 13. 0-0 d4 14. exd4 Bxd4 15. Nxd4 Qxd4 16. Be3 Qh4 17. f3 Be6 18. Bf2 Qg5 19. Qa4 Bh3 20. Bg3 Qe3+ 21. Bf2 Qxd3 22. gxh3 Ne5 23. Qf4 Qg6+ 24. Qg3 Nxf3+ 25. Kh1 Nd2 26. Rfe1 Rfe8 27. Qf4 Nde4 28. Bd4 Nh5 29. Qf3 Ng5 30. Qxb7 Qf5 31. Re5 Qf3+ 32. Qxf3 Nxf3 33. Rxh5 Nxd4 34. Rd5 Ne6 35. Rd7 Red8 36. Rcd1 Kf8 37. R7d6 Ke7 38. R6d2 Rxd2 39. Rxd2 Rd8 40. Rf2 Rd4 41. Kg1 g6 42. Kf1 f5 43. Ke1 Kd6 44. Nd1 Nf4 45. Rf3 Nd3+ 46. Ke2 Nc1+ 47. Ke1 Nxa2 48. Ra3 Nb4 49. Ke2 Kc5 50. Ne3 Re4 51. Kf3 Kb5 52. Rc3 a5 53. Rc8 Ka4 54. Ra8 Nc6 55. Nd5 Kb3 56. Ra6 Ne5+ 57. Kg3 Nc4 58. Ra7 Kxb2 59. Rb7+ Kc2 60. Rxh7 Rd4 61. Nc7 Nd6 62. Ne6 Rc4 63. Rd7 Ne4+ 64. Kf3 Rc3+ 65. Kg2 a4 66. Nd4+ Kb2 67. Rb7+ Ka1 68. Ra7 a3 69. h4 Nc5 70. Ra5 a2 71. Rb5 Rc4 72. Nc6 Na4 73. Nb4 Nb2 74. Nxa2 Kxa2 75. h5 Rg4+ 76. Kf3 Nc4 77. hxg6 Nd6 78. Rd5 Rxg6 79. Kf4 Rg4+ 80. Ke5 Nc4+ 81. Kf6 Ne3 82. Rd3 f4 83. Ke5 Nc4+ 84. Kf5 Rh4 85. Kg5 Ne5 86. Kxh4 Nxd3 87. Kg4 Kb3 88. h4 Kc4 89. h5 Kd5 90. h6 Ke4 91. h7 Ne5+ 92. Kg5 f3 93. Kf6 f2 94. h8Q f1Q+ 95. Ke6 Qf7+ 96. Kd6 Qd5+ 97. Kc7 Qc6+ 98. Kb8 Nd7+ 99. Ka7 Qc7+ 100. Ka8 Nb6# 0-1

[Event "Regionalliga Nord-West 1819"]
[Site "Bayern"]
[Date "2018.11.11"]
[Round "2.4"]
[White "Hofmann, Marko"]
[Black "Kirschneck, Toralf"]
[Result "1/2-1/2"]
[WhiteElo "1962"]
[BlackElo "2042"]
[PlyCount "90"]
[EventDate "2018.10.21"]
[EventType "team-tourn"]
[EventRounds "9"]
[EventCountry "GER"]
[SourceTitle "EXT 2022"]
[Source "ChessBase"]
[SourceDate "2021.10.06"]
[SourceVersion "1"]
[SourceVersionDate "2021.10.06"]
[SourceQuality "1"]
[WhiteTeam "Seubelsdorf"]
[BlackTeam "Marktleuthen"]
[WhiteTeamCountry "GER"]
[BlackTeamCountry "GER"]

1. Nc3 d5 2. d4 e6 3. e4 dxe4 4. f3 e3 5. Bxe3 Nf6 6. Qd2 Bb4 7. a3 Ba5 8. Qf2 Nd5 9. Bd2 Nxc3 10. bxc3 Nd7 11. Bd3 0-0 12. Ne2 e5 13. Rd1 Qe7 14. 0-0 f5 15. Kh1 Bb6 16. a4 c5 17. Rfe1 Kh8 18. Nf4 Qf7 19. dxe5 c4 20. Qh4 cxd3 21. cxd3 Nc5 22. d4 Ne6 23. d5 Nxf4 24. Bxf4 Re8 25. e6 Bxe6 26. dxe6 Rxe6 27. Rxe6 Qxe6 28. Re1 Qc4 29. Qe7 Rg8 30. Be5 Qc8 31. Qf7 Qf8 32. Qxb7 h6 33. Bd4 Qd6 34. Bxb6 axb6 35. h3 Qc5 36. Rb1 Re8 37. Qxb6 Qxc3 38. Qf2 Qd3 39. Re1 Ra8 40. Qa2 Qc3 41. Ra1 Rb8 42. Rb1 Re8 43. a5 Re1+ 44. Rxe1 Qxe1+ 45. Kh2 f4 1/2-1/2

[Event "Regionalliga Nord-West 1718"]
[Site "Bayern"]
[Date "2017.12.10"]
[Round "4.2"]
[White "Koch, Christian1111"]
[Black "Kirschneck, Toralf"]
[Result "1/2-1/2"]
[WhiteElo "1974"]
[BlackElo "2083"]
[PlyCount "45"]
[EventDate "2017.10.22"]
[EventType "team-tourn"]
[EventRounds "9"]
[EventCountry "GER"]
[SourceTitle "EXT 2022"]
[Source "ChessBase"]
[SourceDate "2021.10.06"]
[SourceVersion "1"]
[SourceVersionDate "2021.10.06"]
[SourceQuality "1"]
[WhiteTeam "Hoechstadt/Aisch"]
[BlackTeam "Marktleuthen"]
[WhiteTeamCountry "GER"]
[BlackTeamCountry "GER"]

1. e4 c5 2. Nf3 Nc6 3. d4 cxd4 4. Nxd4 d6 5. Be3 Nf6 6. Nc3 Ng4 7. Bg5 Qb6 8. Bb5 Bd7 9. 0-0 h6 10. Be3 Nxe3 11. fxe3 a6 12. Bc4 e6 13. Qh5 Nxd4 14. Rxf7 0-0-0 15. Rxd7 Kxd7 16. Rd1 Ne2+ 17. Qxe2 Qc5 18. Bxe6+ Kxe6 19. Qg4+ Kf7 20. Nd5 Be7 21. Rf1+ Bf6 22. Qh5+ Ke6 23. Qg4+ 1/2-1/2

[Event "Landesliga Nord 1617"]
[Site "Bayern"]
[Date "2017.04.30"]
[Round "9.4"]
[White "Weigel, Robert"]
[Black "Kirschneck, Toralf"]
[Result "1/2-1/2"]
[WhiteElo "2043"]
[BlackElo "2105"]
[PlyCount "50"]
[EventDate "2016.10.16"]
[EventType "team-tourn"]
[EventRounds "9"]
[EventCountry "GER"]
[SourceTitle "EXT 2019"]
[Source "ChessBase"]
[SourceDate "2018.10.10"]
[SourceVersion "1"]
[SourceVersionDate "2018.10.10"]
[SourceQuality "1"]
[WhiteTeam "Forchheim II"]
[BlackTeam "Marktleuthen"]
[WhiteTeamCountry "GER"]
[BlackTeamCountry "GER"]

1. Nf3 d5 2. d4 Nf6 3. c4 dxc4 4. e3 e6 5. Bxc4 Bb4+ 6. Nc3 0-0 7. 0-0 Nbd7 8. Qb3 Qe7 9. a3 Bxc3 10. Qxc3 c5 11. b4 cxd4 12. Nxd4 Nb6 13. Bd3 e5 14. Nf5 Bxf5 15. Bxf5 g6 16. Bh3 Rad8 17. Bb2 Rd5 18. Rfd1 Rfd8 19. Qc2 Qd6 20. Rxd5 Qxd5 21. g3 Nc4 22. Bg2 Qd2 23. Qxd2 Rxd2 24. Bc3 Rc2 25. Be1 b6 1/2-1/2

[Event "Landesliga Nord 1617"]
[Site "Bayern"]
[Date "2017.02.19"]
[Round "6.4"]
[White "Kirschneck, Toralf"]
[Black "Wulfmeyer, Johannes"]
[Result "1/2-1/2"]
[WhiteElo "2105"]
[BlackElo "2087"]
[PlyCount "71"]
[EventDate "2016.10.16"]
[EventType "team-tourn"]
[EventRounds "9"]
[EventCountry "GER"]
[SourceTitle "EXT 2019"]
[Source "ChessBase"]
[SourceDate "2018.10.10"]
[SourceVersion "1"]
[SourceVersionDate "2018.10.10"]
[SourceQuality "1"]
[WhiteTeam "Marktleuthen"]
[BlackTeam "Nuernberg NT II"]
[WhiteTeamCountry "GER"]
[BlackTeamCountry "GER"]

1. d4 Nf6 2. c4 c5 3. e3 e6 4. Nf3 a6 5. Nc3 d5 6. dxc5 Bxc5 7. a3 0-0 8. b4 Be7 9. Bb2 dxc4 10. Bxc4 b5 11. Be2 Qxd1+ 12. Rxd1 Bb7 13. 0-0 Nbd7 14. Rd2 Rfd8 15. Rfd1 Nb6 16. Ne5 Rxd2 17. Rxd2 Rd8 18. Nb1 Rxd2 19. Nxd2 Bd5 20. Bd4 Nfd7 21. Nxd7 Nxd7 22. e4 Ba2 23. f4 f6 24. g3 Kf7 25. Kf2 e5 26. Ba7 Bd8 27. Ke3 Bb6+ 28. Bxb6 Nxb6 29. Bg4 Be6 30. Bxe6+ Kxe6 31. Kd3 g6 32. Nb3 Nc4 33. Nc5+ Kd6 34. Nxa6 Nxa3 35. Nc5 Nc4 36. Nb7+ 1/2-1/2

[Event "Landesliga Nord 1617"]
[Site "Bayern"]
[Date "2017.01.15"]
[Round "4.4"]
[White "Kirschneck, Toralf"]
[Black "Heimerdinger, Joerg"]
[Result "1/2-1/2"]
[WhiteElo "2105"]
[BlackElo "2053"]
[PlyCount "78"]
[EventDate "2016.10.16"]
[EventType "team-tourn"]
[EventRounds "9"]
[EventCountry "GER"]
[SourceTitle "EXT 2019"]
[Source "ChessBase"]
[SourceDate "2018.10.10"]
[SourceVersion "1"]
[SourceVersionDate "2018.10.10"]
[SourceQuality "1"]
[WhiteTeam "Marktleuthen"]
[BlackTeam "Bindlach Aktionaer II"]
[WhiteTeamCountry "GER"]
[BlackTeamCountry "GER"]

1. d4 Nf6 2. c4 g6 3. Nc3 Bg7 4. e4 d6 5. Nf3 0-0 6. Be2 e5 7. dxe5 dxe5 8. Bg5 Nbd7 9. 0-0 c6 10. Qd6 Re8 11. Rfd1 Bf8 12. Qd2 Qe7 13. h3 a5 14. Nh2 Nc5 15. Ng4 Bg7 16. Nxf6+ Bxf6 17. Be3 Ne6 18. Bf1 Rd8 19. Qe1 Nd4 20. Rd2 Be6 21. f4 Rd7 22. Qf2 Rad8 23. Rad1 c5 24. f5 gxf5 25. exf5 Nxf5 26. Bxc5 Qe8 27. Ne4 Bh4 28. g3 Rxd2 29. Rxd2 Be7 30. g4 Bh4 31. Qf3 Nd4 32. Bxd4 Rxd4 33. Rxd4 exd4 34. g5 Qb8 35. Bd3 Qe5 36. Nf6+ Kg7 37. Nxh7 Qe1+ 38. Kg2 Qd2+ 39. Kg1 Qe1+ 1/2-1/2

[Event "Landesliga Nord 1617"]
[Site "Bayern"]
[Date "2016.11.20"]
[Round "2.3"]
[White "Kirschneck, Toralf"]
[Black "Krauseneck, Peter"]
[Result "0-1"]
[WhiteElo "2105"]
[BlackElo "2140"]
[PlyCount "90"]
[EventDate "2016.10.16"]
[EventType "team-tourn"]
[EventRounds "9"]
[EventCountry "GER"]
[SourceTitle "EXT 2019"]
[Source "ChessBase"]
[SourceDate "2018.10.10"]
[SourceVersion "1"]
[SourceVersionDate "2018.10.10"]
[SourceQuality "1"]
[WhiteTeam "Marktleuthen"]
[BlackTeam "Bamberg SC"]
[WhiteTeamCountry "GER"]
[BlackTeamCountry "GER"]

1. d4 e6 2. c4 f5 3. Nc3 d5 4. cxd5 exd5 5. Nf3 Nf6 6. Bg5 c6 7. g3 Bd6 8. Ne5 0-0 9. Qb3 Nbd7 10. f4 h6 11. Bxf6 Nxf6 12. h3 Qb6 13. Qxb6 axb6 14. e3 b5 15. Bd3 b4 16. Nd1 Ne4 17. Rg1 Kh7 18. Nf2 g6 19. g4 c5 20. Nxe4 fxe4 21. Be2 cxd4 22. exd4 Rxf4 23. Kd2 Be6 24. Rgf1 Rxf1 25. Bxf1 g5 26. Bb5 Bxe5 27. dxe5 Ra5 28. Be8 d4 29. Rc1 Rxe5 30. Rc7+ Kg8 31. Bg6 Bxa2 32. Rxb7 e3+ 33. Ke1 Rc5 34. Rxb4 Rc1+ 35. Ke2 Bc4+ 36. Kf3 e2 37. Rxc4 Rxc4 38. Kxe2 Rb4 39. Kd3 Kg7 40. Bf5 Kf6 41. b3 Ke5 42. Kc2 Kf4 43. Be6 Ke3 44. Bc4 Rb6 45. Bd3 Rxb3 0-1

[Event "Landesliga Nord 1617"]
[Site "Bayern"]
[Date "2016.10.16"]
[Round "1.3"]
[White "Bildt, Maximilian"]
[Black "Kirschneck, Toralf"]
[Result "1-0"]
[WhiteElo "2082"]
[BlackElo "2105"]
[PlyCount "97"]
[EventDate "2016.10.16"]
[EventType "team-tourn"]
[EventRounds "9"]
[EventCountry "GER"]
[SourceTitle "EXT 2019"]
[Source "ChessBase"]
[SourceDate "2018.10.10"]
[SourceVersion "1"]
[SourceVersionDate "2018.10.10"]
[SourceQuality "1"]
[WhiteTeam "Zirndorf"]
[BlackTeam "Marktleuthen"]
[WhiteTeamCountry "GER"]
[BlackTeamCountry "GER"]

1. e4 c5 2. Nf3 Nc6 3. d4 cxd4 4. Nxd4 d6 5. c4 Nf6 6. Nc3 g6 7. Be2 Bg7 8. Be3 0-0 9. 0-0 Bd7 10. f3 Ne8 11. Qd2 Nc7 12. Rac1 Ne6 13. Nxe6 fxe6 14. c5 Be8 15. Rfd1 Bf7 16. cxd6 exd6 17. Qxd6 Qh4 18. Qc5 Be5 19. g3 Qf6 20. f4 Bc7 21. Qb5 e5 22. Qxb7 Bb6 23. Bxb6 axb6 24. Nb5 Na5 25. Qc7 exf4 26. Qxf4 Qxb2 27. Qd2 Qxa2 28. Qxa2 Bxa2 29. Rd6 Rae8 30. Rxb6 Rxe4 31. Nc3 Re3 32. Ra6 Bc4 33. Bxc4+ Nxc4 34. Nd5 Ra3 35. Re6 Rd3 36. Nf6+ Kf7 37. Nxh7 Kxe6 38. Nxf8+ Kd5 39. Nxg6 Rd2 40. Re1 Kd4 41. Nh4 Ra2 42. Rf1 Ke5 43. Rf2 Ra1+ 44. Kg2 Ne3+ 45. Kh3 Ra7 46. Ng6+ Ke4 47. Kh4 Nf5+ 48. Kg5 Ra5 49. Rf4+ 1-0

[Event "Wunsiedel op 10th"]
[Site "Wunsiedel"]
[Date "2016.05.05"]
[Round "1"]
[White "Gonda, Laszlo"]
[Black "Kirschneck, Toralf"]
[Result "1-0"]
[WhiteElo "2511"]
[BlackElo "2082"]
[PlyCount "89"]
[EventDate "2016.05.05"]
[EventType "swiss"]
[EventRounds "7"]
[EventCountry "GER"]
[SourceTitle "CBM 172 Extra"]
[Source "ChessBase"]
[SourceDate "2016.06.21"]
[SourceVersion "1"]
[SourceVersionDate "2016.06.21"]
[SourceQuality "1"]

1. Nf3 c5 2. c4 Nc6 3. Nc3 e6 4. g3 Nf6 5. Bg2 Be7 6. 0-0 0-0 7. d4 cxd4 8. Nxd4 a6 9. b3 Qa5 10. Bb2 Rb8 11. Rc1 Nxd4 12. Qxd4 b6 13. Na4 Bb7 14. e4 Rfd8 15. e5 Bxg2 16. Kxg2 Ne8 17. Bc3 Bb4 18. Bxb4 Qxb4 19. Rfd1 d6 20. Nc3 Qa5 21. exd6 Rxd6 22. Qf4 Rbd8 23. Rxd6 Rxd6 24. Ne4 Rd7 25. c5 bxc5 26. Nxc5 Rc7 27. Rc2 Qb5 28. b4 a5 29. a3 axb4 30. axb4 Ra7 31. Qc4 Qc6+ 32. Ne4 Qb7 33. Qc6 Qxc6 34. Rxc6 Kf8 35. Rc8 Ke7 36. b5 Rb7 37. Rxe8+ Kxe8 38. Nd6+ Kd7 39. Nxb7 Kc7 40. Na5 Kb6 41. Nc4+ Kxb5 42. Nd6+ Kc5 43. Nxf7 h6 44. f4 Kd5 45. Kf3 1-0

[Event "Regionalliga NW 1516"]
[Site "Bayern"]
[Date "2016.03.13"]
[Round "8.4"]
[White "Kirschneck, Toralf"]
[Black "Zoeller, Bernd"]
[Result "1-0"]
[WhiteElo "2095"]
[BlackElo "1936"]
[PlyCount "73"]
[EventDate "2015.10.11"]
[EventType "team-tourn"]
[EventRounds "9"]
[EventCountry "GER"]
[SourceTitle "EXT 2018"]
[Source "ChessBase"]
[SourceDate "2017.10.13"]
[SourceVersion "1"]
[SourceVersionDate "2017.10.13"]
[SourceQuality "1"]
[WhiteTeam "Marktleuthen"]
[BlackTeam "Klingenberg"]
[WhiteTeamCountry "GER"]
[BlackTeamCountry "GER"]

1. d4 d5 2. c4 c6 3. Nc3 Nf6 4. Nf3 e6 5. e3 Nbd7 6. Bd2 Be7 7. Rc1 0-0 8. Bd3 dxc4 9. Bxc4 b5 10. Bd3 Bb7 11. 0-0 a6 12. a4 b4 13. Ne4 c5 14. Ng3 Qb6 15. Be2 Rfd8 16. Qc2 Rac8 17. Qb1 Bxf3 18. Bxf3 cxd4 19. Rxc8 Rxc8 20. exd4 Qxd4 21. Be3 Qd6 22. Rd1 Nd5 23. Nf5 exf5 24. Bxd5 Qf6 25. Bf4 Nb6 26. Bb7 Rf8 27. a5 Nc4 28. Re1 Nxa5 29. Bd5 Bd8 30. Be5 Qg6 31. Qd1 h6 32. Re3 Bh4 33. Bc7 Nc6 34. Qd3 a5 35. Qc4 Rc8 36. Re6 Qh5 37. Bf3 1-0

[Event "Regionalliga NW 1516"]
[Site "Bayern"]
[Date "2015.12.13"]
[Round "4.4"]
[White "Kirschneck, Toralf"]
[Black "Moenius, Alexander"]
[Result "1/2-1/2"]
[WhiteElo "2095"]
[BlackElo "1850"]
[PlyCount "151"]
[EventDate "2015.10.11"]
[EventType "team-tourn"]
[EventRounds "9"]
[EventCountry "GER"]
[SourceTitle "EXT 2018"]
[Source "ChessBase"]
[SourceDate "2017.10.13"]
[SourceVersion "1"]
[SourceVersionDate "2017.10.13"]
[SourceQuality "1"]
[WhiteTeam "Marktleuthen"]
[BlackTeam "Hoechstadt/Aisch"]
[WhiteTeamCountry "GER"]
[BlackTeamCountry "GER"]

1. d4 d5 2. c4 c6 3. e3 Nf6 4. Nf3 Bg4 5. Nc3 e6 6. Bd2 Be7 7. Rc1 0-0 8. h3 Bh5 9. Be2 dxc4 10. Bxc4 Nbd7 11. Be2 Re8 12. 0-0 Bf8 13. e4 e5 14. Bg5 exd4 15. Nxd4 Bxe2 16. Qxe2 h6 17. Bh4 Qa5 18. Rcd1 Nd5 19. Nb3 Nxc3 20. bxc3 Qc7 21. Rd2 Nc5 22. Nxc5 Bxc5 23. Qf3 g5 24. Bg3 Qe7 25. Qf5 Rad8 26. Rxd8 Rxd8 27. Kh2 Bd6 28. e5 Bc7 29. f4 Re8 30. Qg4 Qe6 31. f5 Qe7 32. f6 Qe6 33. Qh5 Kh7 34. Re1 Rd8 35. h4 Rg8 36. Re3 gxh4 37. Bf4 Rg6 38. Rh3 Qxa2 39. Qf3 Qc2 40. Rxh4 Qf5 41. Rh5 Qg4 42. Qxg4 Rxg4 43. Rxh6+ Kg8 44. g3 a5 45. Kg2 b5 46. Rh1 c5 47. Kf3 Rg6 48. Rd1 a4 49. Ke4 Ba5 50. Kd3 Kh7 51. Rh1+ Kg8 52. Kc2 b4 53. cxb4 Bxb4 54. Rd1 a3 55. Kb3 Rg4 56. Rd7 Rg6 57. Rb7 Rg4 58. e6 Rxf4 59. gxf4 fxe6 60. Ra7 Kf8 61. Kc4 a2 62. Rxa2 Kf7 63. Kd3 Kxf6 64. Ke4 Bc3 65. Ra6 Ke7 66. Kf3 Bd4 67. Kg4 Bg1 68. Kg5 Be3 69. Ra3 Bd4 70. Kg6 Kd6 71. Kf7 Kd5 72. Ra6 Ke4 73. Kxe6 Kxf4 74. Kd5 Ke3 75. Rh6 Kf4 76. Rh4+ 1/2-1/2

[Event "Regionalliga NW 1415"]
[Site "Bayern"]
[Date "2015.04.12"]
[Round "9.3"]
[White "Lindner, Marco"]
[Black "Kirschneck, Toralf"]
[Result "1/2-1/2"]
[WhiteElo "1899"]
[BlackElo "2095"]
[PlyCount "108"]
[EventDate "2014.10.19"]
[EventType "team-tourn"]
[EventRounds "9"]
[EventCountry "GER"]
[SourceTitle "EXT 2018"]
[Source "ChessBase"]
[SourceDate "2017.10.13"]
[SourceVersion "1"]
[SourceVersionDate "2017.10.13"]
[SourceQuality "1"]
[WhiteTeam "Mainaschaff"]
[BlackTeam "Marktleuthen"]
[WhiteTeamCountry "GER"]
[BlackTeamCountry "GER"]

1. e4 c5 2. Nc3 Nc6 3. Bb5 Nd4 4. Bc4 e6 5. f4 Ne7 6. Nf3 a6 7. a4 d5 8. exd5 exd5 9. Bd3 Bg4 10. Be2 Nxe2 11. Qxe2 Qd6 12. d3 Bxf3 13. Qxf3 g6 14. 0-0 Bg7 15. f5 Bxc3 16. bxc3 0-0 17. f6 Nc6 18. Rb1 Nd8 19. Re1 Qd7 20. Bh6 Re8 21. Rxe8+ Qxe8 22. Qxd5 Qxa4 23. Qxc5 Ne6 24. Qf2 Qc6 25. Rb6 Qxc3 26. Rxe6 a5 27. Qe3 Qc8 28. Re7 Qd8 29. Bf4 a4 30. Bd6 Qxd6 31. Re8+ Rxe8 32. Qxe8+ Qf8 33. Qxa4 Qd8 34. Qa1 h5 35. Kf2 Qd6 36. Qa8+ Kh7 37. Qxb7 Qxf6+ 38. Qf3 Qh4+ 39. Ke2 f5 40. Qg3 Qe7+ 41. Qe3 Qc7 42. c4 Qxh2 43. Kf3 Qd6 44. c5 Qd5+ 45. Kg3 Kg7 46. Qe7+ Kg8 47. Qd6 Qxd6+ 48. cxd6 Kf7 49. Kh4 f4 50. Kg5 f3 51. gxf3 Ke6 52. f4 Kxd6 53. f5 gxf5 54. Kxf5 Kd5 1/2-1/2

[Event "Regionalliga NW 1415"]
[Site "Bayern"]
[Date "2015.03.15"]
[Round "8.4"]
[White "Hofstetter, Hans Joachim"]
[Black "Kirschneck, Toralf"]
[Result "0-1"]
[WhiteElo "2081"]
[BlackElo "2095"]
[PlyCount "92"]
[EventDate "2014.10.19"]
[EventType "team-tourn"]
[EventRounds "9"]
[EventCountry "GER"]
[SourceTitle "EXT 2018"]
[Source "ChessBase"]
[SourceDate "2017.10.13"]
[SourceVersion "1"]
[SourceVersionDate "2017.10.13"]
[SourceQuality "1"]
[WhiteTeam "Bad Neustadt"]
[BlackTeam "Marktleuthen"]
[WhiteTeamCountry "GER"]
[BlackTeamCountry "GER"]

1. e4 c5 2. Nf3 Nc6 3. Bb5 d6 4. c3 Bd7 5. 0-0 e6 6. Re1 Nge7 7. d4 cxd4 8. cxd4 a6 9. Bf1 d5 10. Nc3 dxe4 11. Nxe4 Nd5 12. a3 Be7 13. b4 0-0 14. Ne5 Nxe5 15. dxe5 Qc7 16. Bb2 Kh8 17. Rc1 Bc6 18. Qh5 Rad8 19. g3 Qb6 20. Nd6 Kg8 21. Bd3 g6 22. Qh6 Nc7 23. Nc4 Qb5 24. Bb1 Ne8 25. Na5 Bd5 26. Qe3 Ng7 27. Rc7 Rfe8 28. Bd3 Qa4 29. Nxb7 Bxb7 30. Rxb7 Qb3 31. Bd4 Qd5 32. Rxe7 Rxe7 33. Bc5 Red7 34. Bxa6 Nf5 35. Qc1 Nd4 36. Bxd4 Qxd4 37. b5 Qa4 38. Kg2 Rd1 39. Rxd1 Rxd1 40. Qc3 Qe4+ 41. f3 Qe2+ 42. Kh3 Rh1 43. b6 Rxh2+ 44. Kg4 Qxa6 45. Qc7 Qd3 46. f4 Kg7 0-1

[Event "Regionalliga NW 1415"]
[Site "Bayern"]
[Date "2014.12.07"]
[Round "4.3"]
[White "Susallek, Markus"]
[Black "Kirschneck, Toralf"]
[Result "0-1"]
[WhiteElo "1921"]
[BlackElo "2095"]
[PlyCount "104"]
[EventDate "2014.10.19"]
[EventType "team-tourn"]
[EventRounds "9"]
[EventCountry "GER"]
[SourceTitle "EXT 2018"]
[Source "ChessBase"]
[SourceDate "2017.10.13"]
[SourceVersion "1"]
[SourceVersionDate "2017.10.13"]
[SourceQuality "1"]
[WhiteTeam "Moembris"]
[BlackTeam "Marktleuthen"]
[WhiteTeamCountry "GER"]
[BlackTeamCountry "GER"]

1. e4 c5 2. Nf3 Nc6 3. d4 cxd4 4. Nxd4 d6 5. Nc3 Nf6 6. Be2 g6 7. 0-0 Bg7 8. Nb3 0-0 9. f4 e6 10. Bf3 d5 11. exd5 exd5 12. Nxd5 Nxd5 13. Bxd5 Qb6+ 14. Kh1 Rd8 15. c4 Be6 16. Qf3 Bxd5 17. cxd5 Nb4 18. Rd1 Qd6 19. Be3 b6 20. Rd2 Rac8 21. f5 Nc2 22. Bf4 Qf6 23. Rc1 Qxf5 24. g4 Qf6 25. Rdxc2 Rxc2 26. Rxc2 g5 27. Rd2 gxf4 28. Qe4 Qd6 29. Kg2 a5 30. Nc1 Qh6 31. Qf3 Qg5 32. Ne2 Be5 33. Kh1 Qf6 34. Nc3 Rc8 35. Ne4 Qh4 36. Nf2 Rc1+ 37. Kg2 Bd6 38. Nd3 Rc4 39. Nf2 Qe7 40. Re2 Qd7 41. Qd3 Rc1 42. Qe4 h6 43. Qf3 Bc5 44. h3 Be3 45. Ne4 Kg7 46. d6 Qc6 47. Kh2 Rc2 48. Rxc2 Qxc2+ 49. Qg2 Qd1 50. g5 h5 51. Qh1 Qe2+ 52. Qg2 f3 0-1

[Event "Regionalliga NW 1314"]
[Site "Bayern"]
[Date "2014.02.09"]
[Round "6.3"]
[White "Vitek, Vaclav"]
[Black "Kirschneck, Toralf"]
[Result "1/2-1/2"]
[WhiteElo "1943"]
[BlackElo "2027"]
[PlyCount "140"]
[EventDate "2013.10.13"]
[EventType "team-tourn"]
[EventRounds "9"]
[EventCountry "GER"]
[SourceTitle "EXT 2015"]
[Source "ChessBase"]
[SourceDate "2014.11.20"]
[SourceVersion "1"]
[SourceVersionDate "2014.11.20"]
[SourceQuality "1"]
[WhiteTeam "Thiersheim"]
[BlackTeam "Marktleuthen"]
[WhiteTeamCountry "GER"]
[BlackTeamCountry "GER"]

1. f4 g6 2. Nf3 Bg7 3. e3 d6 4. Be2 Nf6 5. Nc3 c6 6. b3 Nd5 7. Bb2 Qa5 8. b4 Nxb4 9. Rb1 0-0 10. a3 Nd5 11. Nxd5 Qxd5 12. Bxg7 Kxg7 13. 0-0 Nd7 14. Qc1 Nf6 15. Rb4 c5 16. c4 Qc6 17. Rb3 Rb8 18. Qb2 Kg8 19. d3 Ne8 20. a4 Ng7 21. a5 Qc7 22. Ra1 Bd7 23. Nd2 Nf5 24. Kf2 e5 25. g4 Ng7 26. Bf3 exf4 27. exf4 d5 28. Qe5 Qxe5 29. fxe5 Rfe8 30. Rab1 Bc8 31. cxd5 Rxe5 32. Nc4 Re7 33. Rb5 f5 34. g5 f4 35. Rxc5 Bf5 36. d6 Rd7 37. Rc7 b5 38. Bd5+ Kf8 39. Rxd7 Bxd7 40. Ne5 Rd8 41. Nxd7+ Rxd7 42. Rxb5 Rxd6 43. Bc4 Rd7 44. Rb8+ Ke7 45. Rh8 Kd6 46. Rxh7 Ke5 47. h4 Kf5 48. Kf3 Re7 49. Kf2 Kg4 50. Bd5 Rc7 51. Bf3+ Kf5 52. Be4+ Kg4 53. d4 Ne6 54. Rxc7 Nxc7 55. d5 Kxh4 56. d6 Ne6 57. Bxg6 Kxg5 58. Bf7 Nd8 59. Bd5 Kf5 60. Kf3 Ke5 61. Ba2 Kxd6 62. Kxf4 Kc5 63. Ke3 Nc6 64. Kd2 Kb4 65. a6 Nb8 66. Kc2 Nxa6 67. Kb2 Nc5 68. Bd5 a6 69. Bc6 Nd3+ 70. Ka2 Ne5 1/2-1/2